000 00399nam a2200157Ia 4500
008 221030s9999 xx 000 0 und d
020 _a8183183263
082 _a105.23
_bKai
100 _aH. L. Kaila
245 0 _aHuman Factors in Organizaitons New Paradigms
260 _bHimalaya Pub House
_aMumbai
_c2005
300 _a123
650 _aManagement
700 _aS. Ravishankar
942 _cBK
_2ddc
999 _c551
_d551